Statistics for Word Scramble Geography by Letter - S

Click here to take the quiz!

General Stats

  • This quiz has been taken 286 times
  • The average score is 14 of 20

Answer Stats

Answer% Correct
Sicily
100%
Sofia
100%
Samoa
95%
Sydney
95%
Sanaa
94%
South
94%
Syria
94%
San Jose
93%
Sudan
92%
Sweden
92%
Sarajevo
91%
Suva
89%
Senegal
88%
Santiago
86%
Seoul
86%
Serbia
86%
Spain
86%
Suez
86%
Slovakia
85%
Seattle
84%
San Francisco
83%
Skopje
83%
Sahara
82%
Seychelles
82%
Slovenia
81%
San Marino
80%
Sapporo
80%
Siberia
79%
Switzerland
78%
Salvador
77%
Saskatchewan
75%
Seine
75%
Shanghai
75%
Spanish
75%
Singapore
73%
Sri Lanka
73%
Stuttgart
72%
Scotland
71%
Saudi Arabia
69%
Somalia
69%
Sacramento
67%
San Juan
67%
Solomon Islands
67%
South Sudan
65%
South Dakota
64%
Sierra Leone
63%
South Carolina
63%
Sardinia
60%
Suriname
60%
Sao Paulo
59%
Stockholm
57%
South Africa
53%
Sao Tome
45%
San Salvador
44%
Santo Domingo
42%
San Antonio
38%
San Diego
35%
Surabaya
33%
Shenyang
30%

Score Distribution

Percentile by Number Answered

Percent of People with Each Score

Your Score History

You have not taken this quiz